Tilastot visalle Sanat: "Ensimmäisenä iltana" - Olavi Virta

Klikkaa tästä pelataksesi tätä visaa!

Yleistilastot

  • Tätä visaa on pelattu 2 kertaa
  • Keskiarvotulos 43 / 97

Vastaustilastot

HintVastaus% Oikein
1.Ensimmäisenä
100%
iltana
100%
iltana
100%
iltana
100%
iltana
100%
jo
100%
kun
100%
kun
100%
äänen
50%
äänen
50%
aattelin
50%
ei
50%
ei
50%
hiljaa
50%
hiljaa
50%
hiljaa
50%
hiljaa
50%
ja
50%
ja
50%
ja
50%
ja
50%
jälleen
50%
kanssa
50%
Kauan
50%
Kauan
50%
Kauan
50%
Kauan
50%
3.Kolmantena
50%
kuljin
50%
kuljin
50%
kuljin
50%
kulta
50%
kultani
50%
kultani
50%
kuulin
50%
kuulin
50%
lienee
50%
missä
50%
mutkaan
50%
4.Neljäntenä
50%
odotin
50%
olin
50%
olla
50%
ollut
50%
pois
50%
pois
50%
pois
50%
pois
50%
polun
50%
polun
50%
rakkauden
50%
rakkauden
50%
saapunutkaan
50%
saapunutkaan
50%
siellä
50%
sitten
50%
sitten
50%
sitten
50%
sitten
50%
sua
50%
sua
50%
sua
50%
sua
50%
taisit
50%
tiellä
50%
tiellä
50%
toisen
50%
toisen
50%
2.Toisena
50%
toisenkin
50%
toisenkin
50%
toisenkin
50%
toisenkin
50%
tulin
50%
tunnin
50%
tunnin
50%
tunnin
50%
että
0%
häivyit
0%
hetki
0%
joka
0%
kaipasin
0%
korvissani
0%
kulki
0%
kulki
0%
lemmen
0%
lemmen
0%
luokse
0%
luulin
0%
rakastin
0%
seitti
0%
sulki
0%
tiesi
0%
tiesi
0%
tiesin
0%
tulevan
0%
vuoden
0%

Tulosjakauma

Persentiili vastausten määrän mukaan

Jokaisen tuloksen saaneiden osuus

Tuloshistoriasi

Et ole pelannut tätä visaa